Pain's hidden purpose : (Record no. 4617)

MARC details
000 -LEADER
fixed length control field 00907pam a2200301 a 4500
001 - CONTROL NUMBER
control field 8967
003 - CONTROL NUMBER IDENTIFIER
control field GBCCL
005 - DATE AND TIME OF LATEST TRANSACTION
control field 20241126110522.0
008 - FIXED-LENGTH DATA ELEMENTS--GENERAL INFORMATION
fixed length control field 831021s1984 oru b 00010 eng
010 ## -
-- 83022135
020 ## - INTERNATIONAL STANDARD BOOK NUMBER
International Standard Book Number 0880700351 (pbk.)
035 ## - SYSTEM CONTROL NUMBER
System control number OCM10100873
039 0# -
-- 2
-- 3
-- 3
-- 3
-- 3
040 ## - CATALOGING SOURCE
Original cataloging agency DLC
Transcribing agency DLC
Modifying agency LBB
049 ## -
-- LBBK
050 0# -
-- BS1199.S8
-- B34 1984
082 0# - DEWEY DECIMAL CLASSIFICATION NUMBER
Classification number 231.8
Edition information 19
Item number BAK
092 ## - LOCALLY ASSIGNED DEWEY CALL NUMBER (OCLC)
Classification number 231.8
Item number B167
100 10 - MAIN ENTRY--PERSONAL NAME
Personal name Baker, Don.
9 (RLIN) 8500
245 10 - TITLE STATEMENT
Title Pain's hidden purpose :
Remainder of title finding perspective in the midst of suffering /
Statement of responsibility, etc. by Don Baker.
260 0# - PUBLICATION, DISTRIBUTION, ETC.
Place of publication, distribution, etc. Portland, Or. :
Name of publisher, distributor, etc. Multnomah Press,
Date of publication, distribution, etc. c1984.
300 ## - PHYSICAL DESCRIPTION
Extent 111 p. ;
Dimensions 21 cm.
504 ## - BIBLIOGRAPHY, ETC. NOTE
Bibliography, etc. note Bibliography: p. 111.
504 ## - BIBLIOGRAPHY, ETC. NOTE
Bibliography, etc. note Includes bibliographical references.
630 00 - SUBJECT ADDED ENTRY--UNIFORM TITLE
Uniform title Bible.
Name of part/section of a work O.T.
-- Job
General subdivision Criticism, interpretation, etc.
9 (RLIN) 8501
650 #0 - SUBJECT ADDED ENTRY--TOPICAL TERM
Topical term or geographic name entry element Suffering
General subdivision Biblical teaching.
9 (RLIN) 406
942 ## - ADDED ENTRY ELEMENTS (KOHA)
Source of classification or shelving scheme Dewey Decimal Classification
Koha item type Books
Koha issues (borrowed), all copies 2
Holdings
Withdrawn status Lost status Source of classification or shelving scheme Damaged status Not for loan Home library Current Library Shelving location Date acquired Total checkouts Total renewals Full call number Barcode Date last seen Date last checked out Copy number Price effective from Koha item type
    Dewey Decimal Classification     GRACE BIBLE COLLEGE GRACE BIBLE COLLEGE Theology 2018-01-29 2 5 231.8 BAK 006476 2025-05-01 2024-01-29 c.1 2018-01-29 Books
© Grace Bible College Library 2025